Preserved field latex and latex concentrate (Record no. 51041)

MARC details
000 -LEADER
fixed length control field 00551nam a2200157Ia 4500
100 ## - MAIN ENTRY--AUTHOR NAME
Personal name Mathew N.M.
245 #0 - TITLE STATEMENT
Title Preserved field latex and latex concentrate
260 ## - PUBLICATION, DISTRIBUTION, ETC. (IMPRINT)
Name of publisher In: Handbook of natural rubber production in India. (Ed. P.N. Radhakrishna Pillay). Rubber Research Institute of India, Kottayam, India, pp. 339-427.
Year of publication 1980
650 ## - SUBJECT ADDED ENTRY--TOPICAL TERM
Topical Term Creaming
650 ## - SUBJECT ADDED ENTRY--TOPICAL TERM
Topical Term Latex centrifuging
650 ## - SUBJECT ADDED ENTRY--TOPICAL TERM
Topical Term Latex concentration
650 ## - SUBJECT ADDED ENTRY--TOPICAL TERM
Topical Term Low ammonia preservative
700 ## - ADDED ENTRY--PERSONAL NAME
Personal name Karna U.C.
942 ## - ADDED ENTRY ELEMENTS (KOHA)
Koha item type Bibliography STAF
Holdings
Withdrawn status Lost status Damaged status Not for loan Home library Current library Shelving location Date acquired Koha item type
      Bibliography RRII Library RRII Library Rubber chemistry 09/04/2014 Bibliography STAF